000 00643nam a2200253Ia 4500
005 20260121161146.0
008 008 260114s9999 xx 000 0 eng d
020 _a9781003290490
037 _aEBOOK
040 _aCRL
040 _beng
040 _cCRL
041 _2eng
041 _aeng
084 _qCRL
100 _aClive Edwards
_91040940
245 0 _aNineteenth-Century Interiors:Volume I: Theories and Discourses Around the Home
260 _bTaylor and Francis
260 _c2024
856 _uhttp://www.taylorfrancis.com/books/9781003290490
942 _cEBOOK
999 _c1607756
_d1607756